Normal view MARC view
  • Canabal Cristiani, Beatriz

Entry Nombre Personal

Number of records used in: 3

001 - NUMERO DE CONTROL

  • campo de control: 36160

003 - IDENTIFICADOR DE NUMERO DE CONTROL

  • campo de control: DLC

005 - FECHA Y HORA DE LA ÜLTIMA TRANSACCIÓN

  • campo de control: 20220808104314.0

008 - DATOS DE LONGITUD FIJA

  • campo de control de longitud fija: 890517n| azannaabn |a aaa c

010 ## - NÚMERO DE CONTROL DE LA BIBLIOTECA DEL CONGRESO

  • Número de control LC: nr 89005983

035 ## - NUMERO DE CONTROL

  • Número de control: (OCoLC)oca02529188

040 ## - FUENTE DE CATALOGACIÓN

  • Agencia original de catalogación: NjP
  • Lenguaje de catalogación: spa
  • Description conventions: rda
  • Agencia de transcripción: NjP
  • Agencia que lo modifica: OCoLC
  • Agencia que lo modifica: MU
  • Agencia que lo modifica: DLC
  • Agencia que lo modifica: MX-MxUPN

100 1# - ENCABEZAMIENTO - NOMBRE PERSONAL

  • Nombre personal: Canabal Cristiani, Beatriz

370 ## - LUGAR ASOCIADO

  • Other associated place: Ciudad de México (México)
  • Other associated place: Paris (Francia)
  • Fuente del término: naf

372 ## - CAMPO DE ACTIVIDAD

  • Field of activity: Sociología
  • Field of activity: Desarrollo rural
  • Field of activity: Sociología rural
  • Fuente del término: lcsh

373 ## - GRUPO ASOCIADO

  • Associated group: Universidad Nacional Autónoma de México. Facultad de Ciencias Políticas y Sociales
  • Fuente del término: naf

373 ## - GRUPO ASOCIADO

  • Associated group: École des hautes études en sciences sociales
  • Fuente del término: naf

373 ## - GRUPO ASOCIADO

  • Associated group: Universidad Autónoma Metropolitana. Unidad Xochimilco
  • Fuente del término: naf
  • Start period: 1983

374 ## - OCUPACIÓN

  • Occupation: Socióloga
  • Fuente del término: lcsh

374 ## - OCUPACIÓN

  • Occupation: Profesora universitaria

375 ## - GÉNERO

  • Gender: femenino

377 ## - LENGUA ASOCIADA

  • Language code: spa

400 1# - VEÁSE - NOMBRE DE PERSONA

  • Personal name: Cristiani, Beatriz Canabal

400 1# - VEÁSE - NOMBRE DE PERSONA

  • Personal name: Canaval, Beatriz

400 1# - VEÁSE - NOMBRE DE PERSONA

  • Personal name: Canabal, Beatriz

670 ## - FUENTE EN LA QUE SE LOCALIZARON DATOS

  • Cita de la fuente: En su obra: Hoy luchamos por la tierra, 1984:
  • Información localizada: portada (Beatriz Canabal Cristiani)

670 ## - FUENTE EN LA QUE SE LOCALIZARON DATOS

  • Cita de la fuente: LC in RLIN, 5-16-89
  • Información localizada: (hdg.: Canabal Cristiani, Beatriz)

670 ## - FUENTE EN LA QUE SE LOCALIZARON DATOS

  • Cita de la fuente: Reflexiones sobre el análisis de los movimientos sociales, 1995:
  • Información localizada: portada (Beatriz Canaval) página [5] (Beatriz Canabal Cristiani)

670 ## - FUENTE EN LA QUE SE LOCALIZARON DATOS

  • Cita de la fuente: El agua en los pueblos del sur de la Ciudad de México, septiembre 2014:
  • Información localizada: portada (Beatriz Canabal Cristiani) solapa delantera (Beatriz Canabal; licentiate in sociology from Fac. de Ciencias Políticas y Sociales, Univ. Nac. Aut. de México; doctorate in sociology from Escuela de Altos Estudios en Ciencias Sociales, Paris, France; since 1983 she is a prof.-researcher at Univ. Aut. Metropolitana-Unidad Xochimilco, where she has taught courses and been an advisor on master's and doctoral theses on rural development; has published on social movements and organizations in the rural context, rural and indigenous women, migration, and rural-urban problems) página 15 (Dpto. de Relaciones Sociales, UAM, Xochimilco)

902 ## - CATALOGADOR

  • Catalogador: NDAF/080822